| 000 | 00471nam a2200169Ia 4500 | ||
|---|---|---|---|
| 003 | GCL | ||
| 008 | 140319s9999 xx 000 0 ara d | ||
| 040 |
_aGCL / _cGCL |
||
| 082 | 0 | 4 |
_aط _b813.087 _bد م |
| 100 | 1 | _aدار البحار | |
| 245 | 1 | 0 |
_aعملية الاصابع السوداء / _cدار البحار |
| 300 | _a136 ص | ||
| 490 |
_aمغامرات العميل 303 _v0 |
||
| 650 | 0 | 4 | _aالاطفال |
| 650 | 0 | 4 | _aقصص الاطفال |
| 942 |
_2ddc _cBK |
||
| 999 |
_c45203 _d45203 |
||